Naves negras ante Troya : (Registro nro. 7149)
[ vista simple ]
| 000 -LEADER | |
|---|---|
| fixed length control field | 01737nam a22003017a 4500 |
| 003 - CONTROL NUMBER IDENTIFIER | |
| control field | OSt |
| 005 - DATE AND TIME OF LATEST TRANSACTION | |
| control field | 20210210162435.0 |
| 008 - FIXED-LENGTH DATA ELEMENTS--GENERAL INFORMATION | |
| fixed length control field | 210210s2006 sp a|||gr|||| 00| 0 spa d |
| 020 ## - INTERNATIONAL STANDARD BOOK NUMBER | |
| International Standard Book Number | 9788431642914 |
| 040 ## - CATALOGING SOURCE | |
| Original cataloging agency | CO-JMCR |
| Transcribing agency | CO-JMCR |
| 041 1# - LANGUAGE CODE | |
| Language code of text/sound track or separate title | spa |
| Language code of original | eng |
| 082 04 - DEWEY DECIMAL CLASSIFICATION NUMBER | |
| Classification number | LM / |
| Item number | LEEn |
| Edition number | 23 |
| 100 1# - MAIN ENTRY--PERSONAL NAME | |
| Personal name | Lee, Alan, |
| Relator term | autor |
| 9 (RLIN) | 13261 |
| 245 ## - TITLE STATEMENT | |
| Title | Naves negras ante Troya : |
| Remainder of title | la historia de la Ilíada / |
| Statement of responsibility, etc. | Alan Lee ; introducción, Carlos García Gual ; traducción, José Ramón Insa, Javier de la Iglesia |
| 250 ## - EDITION STATEMENT | |
| Edition statement | Novena reimpresión |
| 260 ## - PUBLICATION, DISTRIBUTION, ETC. | |
| Place of publication, distribution, etc. | España : |
| Name of publisher, distributor, etc. | Vicens Vives, |
| Date of publication, distribution, etc. | 2006 |
| 300 ## - PHYSICAL DESCRIPTION | |
| Extent | 175 páginas : |
| Other physical details | ilustraciones a color ; |
| Dimensions | 23 cm. |
| 490 0# - SERIES STATEMENT | |
| Series statement | Clásicos adaptados |
| 505 0# - FORMATTED CONTENTS NOTE | |
| Formatted contents note | Mitos heroicos y poemas épicos -- Ilíada -- Realidad y leyenda de Troya -- Naves negras ante Troya -- La manzana de oro -- La reunión de la flota -- Altercado con el rey supremo -- Combate singular -- Las troyanas -- La embajada del rey supremo -- Los caballos del rey Reso -- Lluvia roja -- La lucha por las naves -- La armadura de Aquiles -- La venganza de Aquiles -- Juegos fúnebres -- El rescate de Héctor --La suerte de Troya -- Las mujeres guerreras -- La muerte de Aquiles -- La flecha envenenada -- El caballo de madera -- La caída de Troya |
| 520 0# - SUMMARY, ETC. | |
| Summary, etc. | Rosemary Sutcliff narra en este libro la guerra de Troya, el más famoso de los conflictos bélicos de la antigüedad, tal y como lo refiere Homero en la Ilíada. |
| 650 24 - SUBJECT ADDED ENTRY--TOPICAL TERM | |
| Topical term or geographic name entry element | Navegación |
| 9 (RLIN) | 1014 |
| 650 24 - SUBJECT ADDED ENTRY--TOPICAL TERM | |
| Topical term or geographic name entry element | Aventura y aventureros |
| 9 (RLIN) | 13262 |
| 650 24 - SUBJECT ADDED ENTRY--TOPICAL TERM | |
| Topical term or geographic name entry element | Batallas |
| 9 (RLIN) | 13263 |
| 700 1# - ADDED ENTRY--PERSONAL NAME | |
| Personal name | García Gual, Carlos, |
| Relator term | introducción |
| 9 (RLIN) | 13264 |
| 700 1# - ADDED ENTRY--PERSONAL NAME | |
| Personal name | Insa, José Ramón, |
| Relator term | traductor |
| 9 (RLIN) | 13265 |
| 700 1# - ADDED ENTRY--PERSONAL NAME | |
| Personal name | de la Iglesia, Javier, |
| Relator term | traductor |
| 9 (RLIN) | 13266 |
| 942 ## - ADDED ENTRY ELEMENTS (KOHA) | |
| Source of classification or shelving scheme | Dewey Decimal Classification |
| Koha item type | Books |
| Withdrawn status | Lost status | Source of classification or shelving scheme | Damaged status | Not for loan | Home library | Current library | Shelving location | Date acquired | Source of acquisition | Total Checkouts | Full call number | Barcode | Date last seen | Date last checked out | Copy number | Price effective from | Koha item type |
|---|---|---|---|---|---|---|---|---|---|---|---|---|---|---|---|---|---|
| Dewey Decimal Classification | Biblioteca Pública José María del Castillo y Rada | Biblioteca Pública José María del Castillo y Rada | General Stacks | 10/02/2020 | Donación | 5 | LM / LEEn | 201810437 | 08/12/2025 | 08/11/2025 | Ej.1 | 10/02/2020 | Books |